000 00464nam a22001697a 4500
003 CEME
005 20210628202734.0
008 210204b xxu||||| |||| 00| 0 eng d
040 _c.
082 _a891.491421 WAS
100 _aWasif Ali Wasif
_92946
245 _aBaharey baharolay
260 _aLAHORE
_bKASHIF PUBLISHER
_c1995
300 _a127P
650 _aURDU ADAB-PUNJABI POETRY-WASIF ALI WASIF.PUNJABI POETRY-WASIF ALI WASIF
_961351
942 _cBK
_2ddc
999 _c570835
_d570835